| 000 -LEADER |
| fixed length control field |
00469cam a22001337a 4500 |
| 008 - FIXED-LENGTH DATA ELEMENTS--GENERAL INFORMATION |
| fixed length control field |
180718b1949 xxu||||| |||| 00| 0 eng d |
| 082 ## - DEWEY DECIMAL CLASSIFICATION NUMBER |
| Classification number |
C4x54 In2m |
| 100 ## - MAIN ENTRY--PERSONAL NAME |
| Personal name |
India. Commission for the drafting of model constitution for Indian States |
| 245 ## - TITLE STATEMENT |
| Title |
Report of the commission for the drafting of a model constitution for the Indian states |
| 260 ## - PUBLICATION, DISTRIBUTION, ETC. |
| Place of publication, distribution, etc. |
New Delhi |
| Name of publisher, distributor, etc. |
The author |
| Date of publication, distribution, etc. |
1949 |
| 300 ## - PHYSICAL DESCRIPTION |
| Extent |
54+p. |
| 500 ## - GENERAL NOTE |
| General note |
Chairman: B.N. Rau |
| 700 ## - ADDED ENTRY--PERSONAL NAME |
| Personal name |
Rau, B.N. (Chairman) |